| 000 | 00348nam a22001577a 4500 | ||
|---|---|---|---|
| 003 | SGT | ||
| 020 | _a9789357787765 | ||
| 082 |
_a343.54 _bSIN |
||
| 100 | _aSINGHANIA, DR. VINOD | ||
| 245 | _aDIRECT TAXES LAW & PRACTICE | ||
| 250 | _a71ST | ||
| 260 |
_aINDIA _bTAXMAN PUB. _c2024 |
||
| 300 | _a1553 | ||
| 650 | _aDIRECT TAXES | ||
| 942 |
_2ddc _cBK |
||
| 999 |
_c29523 _d29523 |
||